Mammalogy : (Record no. 23849)

MARC details
000 -LEADER
fixed length control field 01123cam a22003014a 4500
001 - CONTROL NUMBER
control field 13139933
003 - CONTROL NUMBER IDENTIFIER
control field OSt
005 - DATE AND TIME OF LATEST TRANSACTION
control field 20211223213354.0
008 - FIXED-LENGTH DATA ELEMENTS--GENERAL INFORMATION
fixed length control field 030328s2004 nyuab b 001 0 eng
010 ## - LIBRARY OF CONGRESS CONTROL NUMBER
LC control number 2003007410
020 ## - INTERNATIONAL STANDARD BOOK NUMBER
International Standard Book Number 007290948X (hard copy : alk. paper)
040 ## - CATALOGING SOURCE
Original cataloging agency DLC
Transcribing agency hu
Modifying agency DLC
042 ## - AUTHENTICATION CODE
Authentication code pcc
050 00 - LIBRARY OF CONGRESS CALL NUMBER
Classification number QL703
Item number M36 2004
082 00 - DEWEY DECIMAL CLASSIFICATION NUMBER
Classification number 599
Edition number 21
245 00 - TITLE STATEMENT
Title Mammalogy :
Remainder of title adaptation, diversity, ecology /
Statement of responsibility, etc. George A. Feldhamer ... [et al.].
250 ## - EDITION STATEMENT
Edition statement 2nd ed.
260 ## - PUBLICATION, DISTRIBUTION, ETC.
Place of publication, distribution, etc. New York, NY :
Name of publisher, distributor, etc. McGraw-Hill,
Date of publication, distribution, etc. c2004.
300 ## - PHYSICAL DESCRIPTION
Extent x, 550 p. :
Other physical details ill., maps ;
Dimensions 29 cm.
504 ## - BIBLIOGRAPHY, ETC. NOTE
Bibliography, etc. note Includes bibliographical references (p. 492-529) and indexes.
650 #0 - SUBJECT ADDED ENTRY--TOPICAL TERM
Topical term or geographic name entry element Mammalogy.
9 (RLIN) 11763
700 1# - ADDED ENTRY--PERSONAL NAME
Personal name Feldhamer, George A.
9 (RLIN) 11764
856 42 - ELECTRONIC LOCATION AND ACCESS
Materials specified Publisher description
Uniform Resource Identifier <a href="http://www.loc.gov/catdir/description/mh031/2003007410.html">http://www.loc.gov/catdir/description/mh031/2003007410.html</a>
856 41 - ELECTRONIC LOCATION AND ACCESS
Materials specified Table of contents
Uniform Resource Identifier <a href="http://www.loc.gov/catdir/toc/mh031/2003007410.html">http://www.loc.gov/catdir/toc/mh031/2003007410.html</a>
906 ## - LOCAL DATA ELEMENT F, LDF (RLIN)
a 7
b cbc
c orignew
d 1
e ecip
f 20
g y-gencatlg
942 ## - ADDED ENTRY ELEMENTS (KOHA)
Source of classification or shelving scheme Dewey Decimal Classification
Koha item type Books like text book referance book
Suppress in OPAC No
Holdings
Withdrawn status Lost status Source of classification or shelving scheme Damaged status Not for loan Collection code Home library Current library Shelving location Date acquired Total Checkouts Full call number Barcode Date last seen Copy number Price effective from Koha item type
    Dewey Decimal Classification     Reference Wondo Genet Library Wondo Genet Library General Stacks 12/23/2021   599 MAM 2004 WGCFNRL00009154 12/23/2021 1 12/23/2021 Books like text book referance book